000 00554nam a2200217Ia 4500
005 20260429112019.0
008 260429s9999||||xx |||||||||||||| ||und||
020 _a9781032576015
041 _aEnglish
082 _a371.3
_bJOY
100 _aJoyce, Bruce
245 0 _aModels of teaching /
_cBruce Joyce
250 _a10th ed.
260 _aNew Delhi :
_bRoutledge,
_c2024.
300 _axxxv, 403 p.; pbk
650 _a Instructional methods
650 _a Pedagogy
650 _aTeaching models
700 _a Calhoun, Emily
942 _cTB
999 _c51890
_d51890